Biên niên lịch sử Thăng Long - Hà Nội : Phần bổ sung
Giới thiệu sự đa dạng lịch sử, văn hoá, tộc người của vùng đất mới sáp nhập vào Hà Nội từ thời kỳ bình minh lịch sử đến thời kỳ Đổi mới (đến trước 1-8-2008) và các sự kiện của Hà Nội theo địa giới hành chính hiện nay từ 1-8-2008...
Đã lưu trong:
| 主要作者: | |
|---|---|
| 格式: | 圖書 |
| 語言: | Undetermined |
| 出版: |
Hà Nội
Nxb. Hà Nội
2019
|
| 主題: | |
| 標簽: |
添加標簽
沒有標簽, 成為第一個標記此記錄!
|
| Thư viện lưu trữ: | Trung tâm Học liệu Trường Đại học Cần Thơ |
|---|
| LEADER | 01040nam a2200217Ia 4500 | ||
|---|---|---|---|
| 001 | CTU_239852 | ||
| 008 | 210402s9999 xx 000 0 und d | ||
| 082 | |a 959.731 | ||
| 082 | |b Th108 | ||
| 100 | |a Phan, Phương Thảo | ||
| 245 | 0 | |a Biên niên lịch sử Thăng Long - Hà Nội : | |
| 245 | 0 | |b Phần bổ sung | |
| 245 | 0 | |c Phan Phương Thảo (Chủ biên) | |
| 260 | |a Hà Nội | ||
| 260 | |b Nxb. Hà Nội | ||
| 260 | |c 2019 | ||
| 520 | |a Giới thiệu sự đa dạng lịch sử, văn hoá, tộc người của vùng đất mới sáp nhập vào Hà Nội từ thời kỳ bình minh lịch sử đến thời kỳ Đổi mới (đến trước 1-8-2008) và các sự kiện của Hà Nội theo địa giới hành chính hiện nay từ 1-8-2008 đến hết năm 2014 | ||
| 650 | |a Việt Nam,Vietnam | ||
| 650 | |x Lịch sử,History | ||
| 910 | |b nthai | ||
| 980 | |a Trung tâm Học liệu Trường Đại học Cần Thơ | ||